000 00609nam a2200217Ia 4500
003 OSt
005 20220925220729.0
006 a|||||r|||| 00| 0
007 ta
008 220923b |||||||| |||| 00| 0 eng d
037 _cGeneral Book
040 _aRTL
_cRTL
_beng
041 _2eng
_aeng
082 _aX5y7, L9
100 _aChilver Joseph
_9285243
245 0 _aIntroducing buisness studies
_b A case study and assignment approach
260 _aLondon
_bMacmillan
_c1979
300 _a222p
_ccm.
942 _hX5y7, L9
_cGB
_2CC
999 _c572240
_d572240